Stimulácia územnej mobility účastníkov trhu práce

Podpora rastu zamestnanosti výkonnej a kvalifikovanej pracovnej sily v regiónoch Slovenska. Aktívne opatrenia na trhu práce. Príspevok na dochádzku za prácou. Príspevok na presťahovanie za prácou. Príspevok na dopravu do zamestnania. Praktické príklady.

Gespeichert in:
Bibliographische Detailangaben
1. Verfasser: Demek, Peter
Format: Buchkapitel
Sprache:Slowakisch
Schlagworte:
Tags: Tag hinzufügen
Keine Tags, Fügen Sie das erste Tag hinzu!

MARC

LEADER 00000naa a2200000 4500
001 0182696
005 20231109104251.0
041 0 |a slo 
044 |a SK 
245 1 0 |a Stimulácia územnej mobility účastníkov trhu práce  |c Peter Demek 
520 |a Podpora rastu zamestnanosti výkonnej a kvalifikovanej pracovnej sily v regiónoch Slovenska. Aktívne opatrenia na trhu práce. Príspevok na dochádzku za prácou. Príspevok na presťahovanie za prácou. Príspevok na dopravu do zamestnania. Praktické príklady. 
610 2 0 |a zamestnanosť 
610 2 0 |a trh práce 
610 2 0 |a politika zamestnanosti 
610 2 0 |a príspevky štátne 
610 2 0 |a pohyb síl pracovných 
610 2 0 |a regióny 
610 2 0 |a legislatíva 
100 1 |a Demek, Peter